Ingeniería de transporte

Uloženo v:
Podrobná bibliografie
Hlavní autor: Hay, William W (Autor)
Médium: Kniha
Jazyk:španělština
Vydáno: Ciudad de México Limusa 1983
Témata:
Tagy: Přidat tag
Žádné tagy, Buďte první, kdo vytvoří štítek k tomuto záznamu!

MARC

LEADER 00000nam a2200000 a 4500
001 UCV4643
003 CL-VaPUC
008 910110e19830000MX |||||||||||||||||spa|d
082 0 4 |a 629.04  |b HAY  |2 21 
100 0 |a Hay, William W  |e author  |9 298829 
245 1 0 |a Ingeniería de transporte 
300 |a 739 p 
942 |c BK 
945 |d 19910110 00:00:00 
260 |a Ciudad de México  |b Limusa  |c 1983 
650 0 |a Ingeniería de transporte  |9 260427 
583 |a last modification  |c 19910110 00:00:00  |k Rodrigo Vera 
999 |c 211366  |d 211364